Location strategies for retail and service firms / (Record no. 18041)
[ view plain ]
| 000 -LEADER | |
|---|---|
| fixed length control field | 00838cam a22002533u 4500 |
| 001 - CONTROL NUMBER | |
| control field | 008454370 |
| 005 - DATE AND TIME OF LATEST TRANSACTION | |
| control field | 20140302114137.0 |
| 008 - FIXED-LENGTH DATA ELEMENTS--GENERAL INFORMATION | |
| fixed length control field | 040420t1987 xxuadk grb 001 0 eng d |
| 020 ## - INTERNATIONAL STANDARD BOOK NUMBER | |
| International Standard Book Number | 0669120324 |
| 040 ## - CATALOGING SOURCE | |
| Original cataloging agency | Uk |
| Transcribing agency | Uk |
| 082 04 - DEWEY DECIMAL CLASSIFICATION NUMBER | |
| Edition number | 22 |
| Classification number | 658.11 |
| Item number | GHO |
| 100 1# - MAIN ENTRY--PERSONAL NAME | |
| Personal name | Ghosh, Avijit |
| 9 (RLIN) | 35099 |
| 245 10 - TITLE STATEMENT | |
| Title | Location strategies for retail and service firms / |
| Statement of responsibility, etc | Avijit Ghosh, Sara L. Mclafferty. |
| 260 ## - PUBLICATION, DISTRIBUTION, ETC. (IMPRINT) | |
| Place of publication, distribution, etc | Lexington, United States : |
| Name of publisher, distributor, etc | Lexington Books, |
| Date of publication, distribution, etc | c.1987. |
| 300 ## - PHYSICAL DESCRIPTION | |
| Extent | x, 212 p. : |
| Other physical details | chart, forms, tables ; |
| Dimensions | 23 cm. |
| 500 ## - GENERAL NOTE | |
| General note | Index : p. 209-212. |
| 504 ## - BIBLIOGRAPHY, ETC. NOTE | |
| Bibliography, etc | Includes bibliographical references. |
| 650 #0 - SUBJECT ADDED ENTRY--TOPICAL TERM | |
| 9 (RLIN) | 35100 |
| Topical term or geographic name as entry element | Store location |
| 650 #0 - SUBJECT ADDED ENTRY--TOPICAL TERM | |
| 9 (RLIN) | 35101 |
| Topical term or geographic name as entry element | Service industries |
| General subdivision | Location |
| 653 ## - INDEX TERM--UNCONTROLLED | |
| Resource For college | BAEPS, Business Administration |
| Arrived date list | February2014 |
| 655 ## - INDEX TERM--GENRE/FORM | |
| Form subdivision | |
| -- | 34232 |
| 700 1# - ADDED ENTRY--PERSONAL NAME | |
| Personal name | McLafferty, Sara L. |
| 9 (RLIN) | 35102 |
| 942 ## - ADDED ENTRY ELEMENTS (KOHA) | |
| Source of classification or shelving scheme | Dewey Decimal Classification |
| Call number prefix | 658.11 GHO |
| Withdrawn status | Item status | Source of classification or shelving scheme | Damaged status | Not for loan | Vendor | Home library | Current library | Shelving location | Date acquired | Source of acquisition | Total Checkouts | Total Renewals | Full call number | Barcode | Date last seen | Date last borrowed | Koha item type |
|---|---|---|---|---|---|---|---|---|---|---|---|---|---|---|---|---|---|
| Dewey Decimal Classification | Donation-Gift | Central Library | Central Library | First floor | 06/02/2014 | Donation | 1 | 1 | 658.11 GHO | 000035595 | 15/07/2025 | 21/11/2017 | Book - Borrowing |